Loading...
| Auditory Arts | 5 | 20.00 | 100% | 80% | 20% |
| Beliefs | 11 | 22.73 | 100% | 82% | 46% |
| Current Events | 4 | 17.50 | 100% | 50% | 25% |
| Fine Arts - Other Arts | 6 | 21.67 | 100% | 83% | 33% |
| Geography | 2 | 15.00 | 100% | 50% | 0% |
| History - American History | 5 | 14.00 | 100% | 20% | 20% |
| History - Ancient History | 3 | 16.67 | 100% | 67% | 0% |
| History - European History | 7 | 15.71 | 86% | 57% | 14% |
| History - World History | 5 | 22.00 | 100% | 60% | 60% |
| Literature - American Literature | 7 | 22.86 | 100% | 100% | 29% |
| Literature - British Literature | 7 | 27.14 | 100% | 100% | 71% |
| Literature - European Literature | 7 | 22.86 | 100% | 86% | 43% |
| Literature - World Literature | 7 | 25.71 | 100% | 100% | 57% |
| Other Academic | 2 | 10.00 | 0% | 100% | 0% |
| Philosophy | 7 | 12.86 | 86% | 43% | 0% |
| Science - Biology | 4 | 22.50 | 100% | 100% | 25% |
| Science - Chemistry | 5 | 26.00 | 100% | 80% | 80% |
| Science - Other Science | 8 | 20.00 | 100% | 88% | 13% |
| Science - Physics | 7 | 20.00 | 86% | 71% | 43% |
| Social Science | 7 | 21.43 | 86% | 71% | 57% |
| Visual Arts | 8 | 15.00 | 100% | 38% | 13% |